| Registos Bibliográficos associados ao registo de autoridade |
|
Etiqueta de registo: 00721cam 02200241 04500 001 3703 003 http://id.bnportugal.gov.pt/bib/catbnp/3703 005 19981110190000.0 095 ## $aPTBN00003794 100 ## $a19790201d1978 m y0pora0103 ba 101 1# $apor$cfre 102 ## $aPT 200 1# $a A saúde mental da criança$fCelestin Freinet$gtrad. de Clara Felgueiras 210 #9 $aLisboa$cEd. 70,$dimp. 1978 215 ## $a151, [8] p.$d22 cm 225 2# $aPersona.$iPsicologia$v4 304 ## $aTít. orig. La santé mentale de l'enfant 675 ## $a616$vmed$zpor$3288080 700 #1 $aFreinet,$bCélestin,$f1896-1966$342711 702 #1 $aFelgueiras,$bClara$4730$327628 801 #0 $aPT$bBN$gRPC 966 ## $lBN$mFGMON$sS.A. 51756 V. 997 ## $aBIBEOD 998 ## $aFSE07 - 00210
Etiqueta de registo: 00823cam 02200277 04500 001 259817 003 http://id.bnportugal.gov.pt/bib/catbnp/259817 005 19981205223500.0 095 ## $aPTBN00270323 100 ## $a19910528d1990 am y0pory0103 ba 101 1# $apor$cfre 102 ## $aPT 105 ## $aa t 000zy 106 ## $ar 200 1# $aSob o signo do Capricórnio$fHugo Pratt$gtrad. de Clara Felgueiras 210 #9 $aLisboa$cEdições 70,$dD.L. 1990 215 ## $a134 p.$ctodo il.$d30 cm 225 2# $aAventuras de Corto Maltese 304 ## $aTít. orig.: Sous le signe du Capricorne 675 ## $a087.5$vBN$zpor$3287999 675 ## $a741(=1:450)"19"$vBN$zpor$31557815 675 ## $a821.131.1-9"19"$vBN$zpor$3574832 700 #1 $aPratt,$bHugo,$f1927-1995$328376 702 #1 $aFelgueiras,$bClara$4730$327628 801 #0 $aPT$bBN$gRPC 966 ## $c2$lBN$mFGMON$sP. 10048 V.$x1 966 ## $c2$lBN$mFGMON$sP. 10048 V.$x1 997 ## $aBIBEOD
Etiqueta de registo: 00799c 02200265 04500 001 89022 003 http://id.bnportugal.gov.pt/bib/catbnp/89022 005 19981118190800.0 095 ## $aPTBN00092541 100 ## $a19940301d1982 m y0pora0103 ba 101 1# $apor$cfre 102 ## $aPT 200 1# $aSob o signo do Capricórnio$fHugo Pratt$gtrad. Clara Felgueiras 210 #9 $aLisboa$cEd. 70,$d[D.L. 1982] 215 ## $a3 v.$cil.$d30 cm 225 2# $aAventuras de Corto Maltese 304 ## $aTít. orig. : Sous le signe du Capricorne 675 ## $a087.5$vBN$zpor$3287999 675 ## $a741(=1:450)"19"$vBN$zpor$31557815 675 ## $a821.131.1-9"19"$vBN$zpor$3574832 700 #1 $aPratt,$bHugo,$f1927-1995$328376 702 #1 $aFelgueiras,$bClara$4730$327628 801 #0 $aPT$bBN$gRPC 930 ## $dP. 5967-69 V.$lBN$jV. 1, 2, 3 966 ## $dV. 1$lBN$mFGMON$sP. 5967 V. 966 ## $dV. 2$lBN$mFGMON$sP. 5968 V. 966 ## $dV. 3$lBN$mFGMON$sP. 5969 V. 997 ## $aBIBEOD 998 ## $afse83 - 00082
Etiqueta de registo: 00705c 02200229 04500 001 89170 003 http://id.bnportugal.gov.pt/bib/catbnp/89170 005 19981119093600.0 095 ## $aPTBN00092696 100 ## $a19950301d1981 k y0pora0103 ba 101 1# $apor$cfre 102 ## $aPT 200 1# $a A China depois de Mao$fCharles Bettelheim$gtrad. Clara Felgueiras 210 #9 $aLisboa$cEdições 70,$dimp. 1981 215 ## $a127 p.$d22 cm 225 2# $aLeitura da política$v2 304 ## $aTít. orig. : Questions sur la Chine aprés la mort de Mao Tsé-Toung 675 ## $a323(469)$vmed$zpor$3288021 700 #1 $aBettelheim,$bCharles,$f1913-2006$313813 702 #1 $aFelgueiras,$bClara$4730$327628 801 #0 $aPT$bBN$gRPC 966 ## $lBN$mFGMON$sS.C. 50407 V. 997 ## $aBIBEOD 998 ## $afse83 - 00237
Etiqueta de registo: 00807cam 02200277 04500 001 120546 003 http://id.bnportugal.gov.pt/bib/catbnp/120546 005 19981121024800.0 021 ## $aPT$b24074/88 095 ## $aPTBN00126017 100 ## $a19890522d1988 m y0pora0103 ba 101 1# $apor$cfre 102 ## $aPT 105 ## $ay z 001yy 200 1# $a A unidade da psicologia$fDaniel Lagache$gtrad. Clara Felgueiras 210 #9 $aLisboa$cEdições 70,$dimp. 1988 215 ## $a77, [3] p.$d22 cm 225 2# $aPersona$v1 304 ## $aTít. orig. : L'unité de la psychologie 320 ## $aBibliografia, p.75-77 675 ## $a159.9$vBN$zpor$3288013 700 #1 $aLagache,$bDaniel,$f1903-1972$359412 702 #1 $aFelgueiras,$bClara$4730$327628 801 #0 $aPT$bBN$gRPC 966 ## $c2$lBN$mFGMON$sS.A. 67273 V.$x1 966 ## $c2$lBN$mFGMON$sS.A. 67273 V.$x1 997 ## $aBIBEOD
Etiqueta de registo: 00833c 2200277 450 001 54509 003 http://id.bnportugal.gov.pt/bib/catbnp/54509 005 19981116141500.0 095 ## $aPTBN00056352 100 ## $a19781001d1978 km y0pora0103 ba 101 1# $apor$cfre 102 ## $aPT 200 1# $a A unidade da psicologia$fDaniel Lagache$gtrad. de Clara Felgueiras 210 #9 $aLisboa$cEd. 70,$dimp. 1978 215 ## $a77, [3] p.$d22 cm 225 2# $aPersona.$iPsicologia$v1 304 ## $aTít. orig.: L'unité de la psycologie 675 ## $a159.9$vmed$zpor$3288013 700 #1 $aLagache,$bDaniel,$f1903-1972$359412 702 #1 $aFelgueiras,$bClara$4730$327628 801 #0 $aPT$bBN$gRPC 966 ## $lBN$mFGMON$sS.A. 51148 V. 997 ## $aBIBEOD 998 ## $aCR138 - 00025
Etiqueta de registo: 00772cam 02200253 04500 001 53539 003 http://id.bnportugal.gov.pt/bib/catbnp/53539 100 ## $a19780301d1977 m y0pora01030103ba 101 1# $apor$cger 102 ## $aPT 105 ## $aa z 000yy 106 ## $ar 200 1# $a100 jogos criativos para o seu filho$fErnst Ott e Hans Leitzinger$gtrad. Clara Felgueiras 205 ## $a1ª ed 210 #9 $aLisboa$cMoraes Editores,$d1977 215 ## $a[70] p.$cil.$d23 cm$ecaderno de exercícios 304 ## $aTít. orig.: Ihr creatives kind 317 ## $aBiblioteca Matilde Rosa Araújo$5PTBN: P. 66414 V. 675 ## $a087.5$vmed$zpor$3287999 700 #1 $aOtt,$bErnest$3226382 701 #1 $aLeitzinger,$bHans$4070$3226383 702 #1 $aFelgueiras,$bClara$4730$327628 801 #0 $aPT$bBN$gRPC 966 ## $lBN$mFGMON$sP. 4813 V. 966 ## $lBN$mFGMON$pBiblioteca Matilde Rosa Araújo$sP. 66414 V.$x3 972 ## $e0$z0$d20250903$viquintas 997 ## $aBIBEOD
Etiqueta de registo: 00254nam 2200025 450 001 2284726 003 http://id.bnportugal.gov.pt/bib/catbnp/2284726 100 ## $a20260418d2010 m y0pory01030103ba 101 0# $apor 102 ## $aPT 105 ## $aa t 000yy 106 ## $ar 200 1# $aCorto Maltese na Sibéria $fHugo Pratt$gtrad. Clara Felgueiras 210 #9 $aLisboa$cMeribérica$cPúblico,$d2010 215 ## $a 2 vols.$ctodo il.,$d30 cm 225 2# $aCorto Maltese$v8 e 9 304 ## $aTít. orig.: Corto Maltese en Sibérie 317 ## $aColeção Leandro de Moraes Sarmento$5PTBN: L.M.S. 741; L.M.S. 742 327 11 $aVol. 1: Parte I (56 p.). - Vol. 2: Parte II (55 p.) 606 ## $aBanda desenhada$2SIPOR$31993752 606 ## $aLiteratura juvenil$2SIPOR$31248816 675 ## $a087.5$vBN$zpor$3287999 675 ## $a741(=1:450)"19"$vBN$zpor$31557815 675 ## $a821.131.1-9"19"$vBN$zpor$3574832 700 #1 $aPratt,$bHugo,$f1927-1995$328376 702 #1 $aFelgueiras,$bClara$4730$327628 801 #0 $aPT$bBN$gRPC 966 ## $lBN$mFGMON$pBiblioteca particular Leandro de Moraes Sarmento$sL.M.S. 741 $x3 966 ## $lBN$mFGMON$pBiblioteca particular Leandro de Moraes Sarmento$sL.M.S. 742 $x3
Etiqueta de registo: 00254nam 2200025 450 001 2284725 003 http://id.bnportugal.gov.pt/bib/catbnp/2284725 100 ## $a20260418d2010 m y0pory01030103ba 101 0# $apor 102 ## $aPT 105 ## $aa t 000yy 106 ## $ar 200 1# $aAs célticas$fHugo Pratt$gtrad. Clara Felgueiras 210 #9 $aLisboa$cMeribérica$cPúblico,$d2010 215 ## $a 2 vols.$ctodo il.,$d30 cm 225 2# $aCorto Maltese$v6 e 7 304 ## $aTít. orig.: Les celtiques 317 ## $aColeção Leandro de Moraes Sarmento$5PTBN: L.M.S. 739; L.M.S. 740 327 11 $a Vol. 1: I, O anjo da janela do Oriente; II, Sob a bandeira do ouro; III, Concerto
em menor para harpa e nitroglicerina (70 p.). - Vol. 2: IV, Sonho de uma manhã de
meados de inverno; V, Burlesca ou não entre Zuydcoote e Bray-Dunes; VI, Côte de nuits
e rosas da picardia (70 p.) 606 ## $aBanda desenhada$2SIPOR$31993752 606 ## $aLiteratura juvenil$2SIPOR$31248816 675 ## $a087.5$vBN$zpor$3287999 675 ## $a741(=1:450)"19"$vBN$zpor$31557815 675 ## $a821.131.1-9"19"$vBN$zpor$3574832 700 #1 $aPratt,$bHugo,$f1927-1995$328376 702 #1 $aFelgueiras,$bClara$4730$327628 801 #0 $aPT$bBN$gRPC 966 ## $lBN$mFGMON$pBiblioteca particular Leandro de Moraes Sarmento$sL.M.S. 739 $x3 966 ## $lBN$mFGMON$pBiblioteca particular Leandro de Moraes Sarmento$sL.M.S. 740 $x3
Etiqueta de registo: 00254nam 2200025 450 001 2284724 003 http://id.bnportugal.gov.pt/bib/catbnp/2284724 100 ## $a20260418d2010 m y0pory01030103ba 101 0# $apor 102 ## $aPT 105 ## $aa t 000yy 106 ## $ar 200 1# $aSob o signo de Capricórnio$fHugo Pratt$gtrad. Clara Felgueiras 210 #9 $aLisboa$cMeribérica$cPúblico,$d2010 215 ## $a 2 vols.$ctodo il.,$d30 cm 225 2# $aCorto Maltese$v4 e 5 304 ## $aTít. orig.: Sous le signe du capricorne 317 ## $aColeção Leandro de Moraes Sarmento$5PTBN: L.M.S. 737; L.M.S. 738 327 11 $aVol. 1: I, O segredo de Tristan Batntam; II, Encontro na Baía; III, Samba com tiro
certeiro (70 p.). - Vol. 2: IV, Uma águia na selva; V, ... E voltemos a falar dos
Cavalheiros da fortuna; VI, Por culpa de uma gaivota (70 p.) 606 ## $aBanda desenhada$2SIPOR$31993752 606 ## $aLiteratura juvenil$2SIPOR$31248816 675 ## $a087.5$vBN$zpor$3287999 675 ## $a741(=1:450)"19"$vBN$zpor$31557815 675 ## $a821.131.1-9"19"$vBN$zpor$3574832 700 #1 $aPratt,$bHugo,$f1927-1995$328376 702 #1 $aFelgueiras,$bClara$4730$327628 801 #0 $aPT$bBN$gRPC 966 ## $lBN$mFGMON$pBiblioteca particular Leandro de Moraes Sarmento$sL.M.S. 737 $x3 966 ## $lBN$mFGMON$pBiblioteca particular Leandro de Moraes Sarmento$sL.M.S. 738 $x3
|
|
|